| 000 | 00333nam a2200097Ia 4500 | ||
|---|---|---|---|
| 008 | 160523s9999 xx 000 0 und d | ||
| 245 | _aAdvanced Topics in Applied Operations Management | ||
| 245 | _cEdited by Yair Holtzman | ||
| 260 | _c2012 | ||
| 856 | _uhttp://www.intechopen.com/books/advanced-topics-in-applied-operations-management | ||
| 999 |
_c294855 _d294855 |
||